Culture Générale - Série 182 - Statistiques

Statistiques générales
  • Ce quiz a été pris 290 fois
  • Le résultat moyen est 5 sur 10
Statistiques - réponses
Question Réponse % Correct
De quelle couleur est la bande centrale du drapeau espagnol ? Jaune
93%
A la belote, quelle est la carte la plus forte en dehors des atouts ? As
76%
Quelles fleurs la "Petite Marie" de Cabrel a-t-elle versées sur sa vie ? Des roses
69%
Qui sont Zeus et Apollon dans la série télévisée "Magnum" ? Des chiens
62%
Quel sport Didier Pironi a-t-il pratiqué en professionnel de 78 à 82 ? Formule 1
48%
Avec quel poète Jean Ferrat déclare-t-il "La femme est l'avenir de l'homme" ? Louis Aragon
46%
Dans quel sport s'est illustré le Français Tariq Abdul-Wahad ? Basket-ball
38%
Comment appelle-t-on les habitants de Limoges ? Limougeauds
27%
Sur quel royaume Norodom Sihanouk a-t-il régné ? Cambodge
25%
Dans quel domaine professionnel Marcel Bleustein-Blanchet s'est-il illustré ? Publicité
14%
Aucun quiz correspondant
Distribution des résultats
% des personnes avec chaque résultat
Percentile par nombre de réponses
Votre historique - résultats
Vous n’avez pas pris ce quiz